000 01047cam a22002651ia4500
003 SA-RiAUC
005 20251002064931.0
008 250726s1979 le g 000 0 ara c
040 _aJO-IrYU
_bara
_cSA-RiAUC
_erda
050 1 4 _b.M55 1979
082 0 4 _a227.3
_qSA-RiAUC
090 _a227.3
_bم ي ر
100 1 _aالميرغني، محمد عثمان بن محمد بن عبد الله،
_d1208-1268 هجري
_eمؤلف.
245 1 0 _aتاج التفاسير /
_cتأليف محمد عثمان الميرغني ؛ بهامشه القران الكريم برسم العثماني.
264 1 _aبيروت :
_bدار المعرفة للطباعة والنشر،
_c1979
300 _a2 مجلد في 1؛
_c30 سم.
336 _aنص
_btxt
_2rdacontent
_3كتاب
337 _aبدون وسيط
_bn
_2rdamedia
338 _aمجلد
_bnc
_2rdacarrier
630 2 7 _aالقرآن
_xتفاسير
_2aucut
730 0 2 _aالقرآن
942 _2ddc
_cBOOK
_n0
949 _aSA-JeALM
_d250726
_umohamedma123
_n1
999 _c12322
_d12322